Junior High Music (Record no. 11532)

MARC details
000 -LEADER
fixed length control field 00568nam a2200205 a 4500
001 - CONTROL NUMBER
control field 0001-1532
003 - CONTROL NUMBER IDENTIFIER
control field ELIB.Books
008 - FIXED-LENGTH DATA ELEMENTS--GENERAL INFORMATION
fixed length control field 170522 2010 eng
020 ## - INTERNATIONAL STANDARD BOOK NUMBER
International Standard Book Number 0697034119
092 ## - LOCALLY ASSIGNED DEWEY CALL NUMBER (OCLC)
Classification number 783
Item number Mar
100 ## - MAIN ENTRY--PERSONAL NAME
Personal name Marple, Hugo D.
245 ## - TITLE STATEMENT
Title Junior High Music
Remainder of title Backgrounds and Approaches to Junior High Music
260 ## - PUBLICATION, DISTRIBUTION, ETC. (IMPRINT)
Place of publication, distribution, etc. Dubuque, Iowa
Name of publisher, distributor, etc. WM. C. Brown Company Publishers
Date of publication, distribution, etc. 1975
300 ## - PHYSICAL DESCRIPTION
Extent 494
Dimensions 23.9 cm
650 ## - SUBJECT ADDED ENTRY--TOPICAL TERM
Topical term or geographic name as entry element Sacred Music
942 ## - ADDED ENTRY ELEMENTS (KOHA)
Source of classification or shelving scheme Dewey Decimal Classification
Koha item type Books
990 ## - EQUIVALENCES OR CROSS-REFERENCES [LOCAL, CANADA]
Link information for 9XX fields 1
998 ## - LOCAL CONTROL INFORMATION (RLIN)
-- Englishbooks.elf
Cataloger's initials, CIN (RLIN) cat
-- 2017-05-22
Holdings
Withdrawn status Lost status Source of classification or shelving scheme Damaged status Not for loan Home library Current library Date acquired Total Checkouts Barcode Date last seen Bill Date Koha item type
    Dewey Decimal Classification     Karen Baptist Theological Seminary Library Karen Baptist Theological Seminary Library 22/05/2017   8041 22/01/2022 22/01/2022 Books
Implemented & Customized by: BestBookBuddies

Powered by Koha